[Event "6th Mayors Cup 2013"]
[Site "Mumbai IND"]
[Date "2013.06.03"]
[Round "8"]
[White "Shyam,N"]
[Black "Gagunashvili,M"]
[Result "0-1"]
[WhiteElo "2408"]
[BlackElo "2592"]

1.e4 d6 2.d4 Nf6 3.Nc3 e5 4.Nf3 Nbd7 5.Bc4 Be7 6.O-O O-O 7.a4 c6 8.Re1 Qc7
9.h3 h6 10.Ba2 Re8 11.Qd3 Nf8 12.dxe5 dxe5 13.Nh4 Be6 14.Nf5 Bxa2 15.Rxa2 Ne6
16.Ne2 Kh7 17.Qf3 Ng8 18.Ra1 Bf8 19.g4 g6 20.Nfg3 Qe7 21.Kg2 Kg7 22.Bd2 Qh4
23.Qc3 Qf6 24.Rh1 Bc5 25.Qf3 Rad8 26.Rad1 Qxf3+ 27.Kxf3 Nf6 28.Kg2 Nd4 29.Nxd4 Rxd4
30.b4 Red8 31.bxc5 Rxd2 32.Rxd2 Rxd2 33.Rb1 Rd7 34.a5 a6 35.Rb4 Nh7 36.Rc4 Ng5
37.Nf1 Kf6 38.h4 Ne6 39.Ne3 Rd4 40.Kf3 Rxc4 41.Nxc4 Nxc5 42.Ke3 Ke6 43.f3 Nd7
44.Kd3 Nf6 45.Kc3 h5 46.gxh5 Nxh5 47.Kb4 Nf6 48.Kc5 Nd7+ 49.Kb4 c5+ 50.Kc3 Nb8
51.Kd3 Nc6 52.c3 Ke7 53.Ke3 Kf6 54.Kd3 Kg7 55.Ke3 Kf6 56.Kd3 Ke6 57.Ke3 Na7
58.Kd3 Nb5 59.Nb6 Nd6 60.Ke3 Ke7 61.f4 exf4+ 62.Kxf4 Nb5 63.Na4 c4 64.Ke5 Na7
65.Kd5 Nc6 66.Kxc4 Kd6 67.Kd3 Nxa5 68.Ke3 Nc4+ 69.Kd4 Ne5 70.Ke3 b5 71.Nb2 Kc5  0-1

[Event "French Top 12 2013"]
[Site "Haguenau FRA"]
[Date "2013.06.04"]
[Round "6.6"]
[White "Vitoux,C"]
[Black "Brunner,N"]
[Result "1-0"]
[WhiteElo "2388"]
[BlackElo "2412"]

1.e4 d6 2.d4 Nf6 3.Nc3 e5 4.Nf3 Nbd7 5.Bc4 Be7 6.O-O O-O 7.Re1 c6 8.a4 a5
9.b3 exd4 10.Nxd4 Nb6 11.Bf1 d5 12.e5 Ne8 13.f4 Nc7 14.Bd3 c5 15.Nf5 Bxf5
16.Bxf5 d4 17.Ne4 Nbd5 18.Bd2 Nb4 19.Ng3 Bh4 20.Be4 Bxg3 21.hxg3 Ra7 22.Kf2 f5
23.exf6 g6 24.Qe2 b6 25.Qc4+ Nbd5 26.c3 Rxf6 27.cxd4 cxd4 28.Qxd4 Rd6 29.Qc4 Ne6
30.Bxd5 Rxd5 31.Rxe6 Rxd2+ 32.Ke3 Rf7 33.Qe4 Kf8 34.Re8+ Qxe8 35.Qxe8+ Kxe8
36.Kxd2 Rd7+ 37.Ke3 Re7+ 38.Kf3 Rc7 39.Re1+ Kf7 40.g4 Rc5 41.Re5 Rc3+ 42.Re3 Rc5
43.Ke4 h5 44.gxh5 gxh5 45.Kd4 Rc2 46.g3 Rc6 47.Re5 Kg6 48.Rb5 Rd6+ 49.Ke4 Rc6
50.Kf3 Kh6 51.Kg2 h4 52.gxh4 Rc3 53.Rxa5 bxa5 54.f5 Kh5 55.Kf2 Kg4 56.Ke2  1-0

[Event "2nd Server24 Open"]
[Site "Ortisei ITA"]
[Date "2013.06.04"]
[Round "4.10"]
[White "Spornberger,M"]
[Black "Solomon,K"]
[Result "1/2-1/2"]
[WhiteElo "2257"]
[BlackElo "2414"]

1.e4 d6 2.d4 Nf6 3.Nc3 e5 4.Nf3 Nbd7 5.Bc4 Be7 6.O-O O-O 7.Re1 c6 8.a4 a5
9.h3 h6 10.Ba2 Re8 11.Be3 Qc7 12.dxe5 Nxe5 13.Nd4 Bf8 14.Bf4 Qb6 15.Be3 Qc7
16.Qd2 Ng6 17.f3 Be6 18.Nxe6 fxe6 19.f4 Kh8 20.Qf2 d5 21.f5 exf5 22.exd5 f4
23.Bb6 Qd7 24.dxc6 bxc6 25.Rad1 Rxe1+ 26.Qxe1 Qf5 27.Bd4 Re8 28.Qf1 Bc5 29.Bxc5 Qxc5+
30.Qf2 Qe7 31.Bc4 Ne5 32.Bf1 Qb4 33.Ne2 f3 34.gxf3 Qxb2 35.Ng3 Qa3 36.f4 Nf3+
37.Kh1 Nh4 38.Bd3 Qxa4 39.Nf1 g5 40.fxg5 Ng8 41.gxh6 c5 42.Qxc5 Qf4 43.Qc6 Re6
44.Qb7 Re7 45.Qc6 Re6 46.Qb7 Re7 47.Qc6  1/2-1/2

[Event "5th Capo d'Orso Open 2013"]
[Site "Porto Mannu ITA"]
[Date "2013.06.04"]
[Round "4.6"]
[White "Puzko,Danila"]
[Black "Esposito,L"]
[Result "1/2-1/2"]
[WhiteElo "2018"]
[BlackElo "2297"]

1.e4 d6 2.d4 Nf6 3.Nc3 e5 4.dxe5 dxe5 5.Qxd8+ Kxd8 6.Bc4 Ke8 7.Bg5 Nbd7 8.Nb5 Bb4+
9.c3 Ba5 10.f3 a6 11.Na3 c6 12.Be3 b5 13.Bd3 c5 14.O-O-O c4 15.Bb1 Bb7 16.Ne2 Ke7
17.Nc2 Bb6 18.Bxb6 Nxb6 19.g4 Rad8 20.Ne3 g6 21.g5 Nh5 22.Rhf1 f6 23.Ng4 Rxd1+
24.Rxd1 Nd7 25.gxf6+ Nhxf6 26.Nxf6 Nxf6 27.f4 exf4 28.Nxf4 Re8 29.e5 Ng4
30.e6 Bc6 31.Re1 Rf8 32.Be4 Rxf4 33.Bxc6 Nf2 34.Kc2 Nd3 35.Re2 Rf1 36.Bb7 Nc5
37.Bc6 Rf6 38.b4 Rxe6 39.Rxe6+ Nxe6 40.a4 bxa4 41.Bd5 Nc7 42.Bxc4 Kd6 43.Bd3 Nb5
44.c4 Nc7 45.Kb2 a5 46.bxa5 Kc5 47.Ka3 Na6 48.Kxa4 Nb4 49.Bf1 g5 50.Be2 Nc6
51.Bf3  1/2-1/2

[Event "Grand Europe Open Albena"]
[Site "Albena BUL"]
[Date "2013.06.05"]
[Round "5.46"]
[White "Drogovoz,I"]
[Black "Voiska,M"]
[Result "1/2-1/2"]
[WhiteElo "2001"]
[BlackElo "2249"]

1.e4 d6 2.d4 Nf6 3.Nc3 e5 4.Nf3 exd4 5.Qxd4 a6 6.Bg5 Nc6 7.Qd2 Be7 8.h3 O-O
9.O-O-O Be6 10.Kb1 b5 11.g4 Nd7 12.Be3 Nce5 13.Nd4 Nb6 14.f4 Nec4 15.Qf2 Nxe3
16.Qxe3 b4 17.Nc6 Qe8 18.Nxb4 Bf6 19.Nbd5 Bxd5 20.Nxd5 Nxd5 21.Rxd5 Qb8 22.c3 Qb7
23.Bg2 Rab8 24.Rd2 Qb6 25.Qg3 Qc5 26.Rc2 g6 27.h4 Rb5 28.g5 Bg7 29.Bf1 Rb6
30.Rhh2 Re8 31.Qd3 Qc6 32.Rhe2 a5 33.f5 Be5 34.f6 Qc5 35.Qe3 Qxe3 36.Rxe3 Bf4
37.Rf3 Rxe4 38.Re2 Rxe2 39.Bxe2 Be5 40.Kc2 Rb8 41.Re3 h6 42.Re4 c5  1/2-1/2

[Event "French Top 12 2013"]
[Site "Haguenau FRA"]
[Date "2013.06.05"]
[Round "7.5"]
[White "Delchev,A"]
[Black "Cossin,S"]
[Result "1-0"]
[WhiteElo "2622"]
[BlackElo "2509"]

1.e4 d6 2.d4 Nf6 3.Nc3 e5 4.Nf3 Nbd7 5.Bc4 Be7 6.O-O O-O 7.a4 c6 8.Re1 b6
9.Bg5 a6 10.d5 c5 11.Nd2 Ne8 12.Bxe7 Qxe7 13.Bf1 g6 14.Nc4 Nc7 15.Qd2 Kh8
16.Qh6 Rb8 17.Rab1 Re8 18.g3 Bb7 19.Bh3 b5 20.Na5 Ba8 21.b4 bxa4 22.Bxd7 Qxd7
23.bxc5 Rxb1 24.Rxb1 dxc5 25.Nc4 Nb5 26.Nxa4 Qg4 27.Nxc5 Kg8 28.Qe3 Qf3 29.h3 Qxe3
30.Nxe3 Rc8 31.Nxa6 Nc3 32.Rb4 f5 33.f3 f4 34.gxf4 exf4 35.Nc4 Bxd5 36.exd5 Nxd5
37.Rb8 Rxb8 38.Nxb8 Nb4 39.Na3 g5 40.c3 Nd3 41.Nd7 Kf7 42.Kf1 h5 43.Nc4 Ke6
44.Ke2 Nc1+ 45.Kd2 Na2 46.Nce5  1-0

[Event "43rd Open A Bosna 2013"]
[Site "Sarajevo BIH"]
[Date "2013.06.05"]
[Round "6.7"]
[White "Predojevic,B"]
[Black "Kadric,D"]
[Result "1/2-1/2"]
[WhiteElo "2616"]
[BlackElo "2460"]

1.e4 d6 2.d4 Nf6 3.Nc3 e5 4.Nf3 Nbd7 5.Bc4 exd4 6.Qxd4 Be7 7.Bg5 O-O 8.O-O-O Ng4
9.Bxe7 Qxe7 10.h3 Nge5 11.Bb3 Nb6 12.Kb1 a5 13.a3 Bd7 14.Rhe1 Bxh3 15.Nxe5 dxe5
16.Nd5 Nxd5 17.exd5 Qf6 18.Rxe5 Bxg2 19.f4 Bh3 20.c4 Bf5+ 21.Ka1 b6 22.Ba4 Rad8
23.Rh1 g6 24.Qe3 Kg7 25.Rg1 Bd7 26.Bxd7 Rxd7 27.Rh1 Rfd8 28.Qh3 h5 29.Qg3 Kf8
30.f5 Re8 31.Rxe8+ Kxe8 32.fxg6 fxg6 33.Qh3 Qf5 34.Qc3 Re7 35.Rd1 Qe5 36.Qc2 Qd6
37.Rg1 Rg7 38.Re1+ Re7 39.Rg1 Kf7 40.Rf1+ Kg7 41.Qf2 Kh7 42.Ka2 Qc5 43.Qh4 b5
44.Rf4 a4 45.Qf6 Qe3 46.Rf3 Qe4 47.Rc3 bxc4 48.Qc6 Re5 49.Qxc7+ Kh6 50.d6 Rd5
51.Rxc4 Qe6 52.Ka1 Qxd6 53.Qc8 Rd1+ 54.Ka2 Qd5 55.Qf8+ Kh7 56.Qe7+ Kh6 57.Qf8+ Kh7
58.Qe7+ Kg8 59.Qe8+ Kg7 60.Qxa4 Rc1 61.Qa7+ Kg8  1/2-1/2

[Event "FIDE World Rapid 2013"]
[Site "Khanty-Mansiysk RUS"]
[Date "2013.06.06"]
[Round "3.8"]
[White "Vitiugov,N"]
[Black "Bologan,V"]
[Result "0-1"]
[WhiteElo "2734"]
[BlackElo "2672"]

1.d4 d6 2.e4 Nf6 3.Nc3 e5 4.Nge2 c6 5.g3 g6 6.Bg2 Bg7 7.O-O O-O 8.h3 b5 9.a3 Bb7
10.f4 exd4 11.Nxd4 Re8 12.Nde2 a5 13.e5 Qb6+ 14.Qd4 c5 15.Qf2 dxe5 16.fxe5 Rxe5
17.Bf4 Re8 18.Rad1 Bxg2 19.Qxg2 c4+ 20.Kh1 Qc6 21.Nd4 Qxg2+ 22.Kxg2 b4 23.Ncb5 Nd5
24.Nc7 Nxc7 25.Bxc7 c3 26.bxc3 bxa3 27.Bd6 Nd7 28.Nb5 Nb6 29.Nxa3 Bxc3 30.Nb5 Rac8
31.Bc7 Nc4 32.Bf4 Be5 33.Rd7 Rc5 34.Rb7 a4 35.Re1 Rd8 36.Bxe5 Nxe5 37.Re2 h5
38.c3 Rdd5 39.Nc7 Rd8 40.Nb5 Kg7 41.Rf2 Rd7 42.Rxd7 Nxd7 43.Nd6 Ne5 44.Ra2 Ra5
45.Ra3 Ra6 46.Ne8+ Kf8 47.Nc7 Ra5  0-1

[Event "FIDE World Rapid 2013"]
[Site "Khanty-Mansiysk RUS"]
[Date "2013.06.06"]
[Round "3.21"]
[White "Inarkiev,E"]
[Black "Al Sayed,Mohamad"]
[Result "0-1"]
[WhiteElo "2680"]
[BlackElo "2498"]

1.e4 d6 2.d4 Nf6 3.Nc3 e5 4.Nf3 Nbd7 5.Bc4 Be7 6.O-O O-O 7.a4 a5 8.Re1 c6
9.h3 Nb6 10.Ba2 Nfd7 11.Be3 exd4 12.Bxd4 Nc5 13.Bxc5 dxc5 14.Qe2 Qd6 15.Rad1 Qg6
16.Ne5 Qg5 17.f4 Qxf4 18.Nxf7 c4 19.Rf1 Bc5+ 20.Kh1 Qe3 21.Qh5 Be7 22.Nd8 Bf6
23.Rf3 Qg5 24.Qxg5 Bxg5 25.Rxf8+ Kxf8 26.Rf1+ Ke7 27.Nf7 Bd2 28.Ne2 Be6 29.Ne5 Nxa4
30.Bxc4 Nxb2 31.Bxe6 Kxe6 32.Nf3 Nc4 33.Ned4+ Kd7 34.Nxd2 Nxd2 35.Rf7+ Kd6
36.Rxb7 a4 37.Rb2 a3 38.Ra2 Nxe4 39.Ne2 Kc5 40.g4 Kc4 41.Kg2 Nc3 42.Nxc3 Kxc3
43.Kf3 Kd2 44.Ke4 Kc1 45.c4 Kb1 46.Rf2 a2 47.Rf1+ Kb2 48.Rf2+ Kb3  0-1

[Event "FIDE World Rapid 2013"]
[Site "Khanty-Mansiysk RUS"]
[Date "2013.06.06"]
[Round "5.24"]
[White "Nguyen Ngoc Truong Son"]
[Black "Kabanov,N"]
[Result "0-1"]
[WhiteElo "2625"]
[BlackElo "2472"]

1.d4 d6 2.e4 Nf6 3.Nc3 e5 4.Nf3 Nbd7 5.Bc4 Be7 6.O-O O-O 7.a4 c6 8.a5 Rb8
9.Qe2 Qc7 10.Bg5 h6 11.Bh4 b5 12.axb6 axb6 13.d5 b5 14.dxc6 bxc4 15.cxd7 Qxd7
16.Rfb1 g5 17.Bg3 Qc6 18.Nd2 Rb4 19.h4 Be6 20.hxg5 hxg5 21.Qe3 Nh5 22.Qf3 g4
23.Qe3 Kg7 24.Nf1 Rfb8 25.Ra2 Kg6 26.Qe2 Bg5 27.Bh2 Rh8 28.Rd1 Nf4 29.Bxf4 exf4
30.Nd5 Rb5 31.Nh2 Rh4 32.Rd4 Rb8 33.g3 f3 34.Nxf3 gxf3 35.Qxf3 Rh7 36.Ra5 Rxb2
37.Nf4+ Bxf4 38.Qxf4 Rb1+ 39.Kg2 Rb5 40.Rxd6 Qc5 41.Ra8 Qh5 42.Rg8+ Rg7 43.g4 Qh4
44.Re8 Kh7 45.f3 Rb1 46.Qh2 Qxh2+ 47.Kxh2 Rb2 48.Rd2 c3 49.Rg2 Rg8 50.Re7 Rd8
51.Kg3 Rd2 52.Rg1 Rbxc2 53.f4 Rd3+ 54.Kh4 Kg7 55.Kg5 Rd7 56.Re8 f6+ 57.Kh4 Rd3
58.Rh1 Kf7 59.Rh8 Rg2 60.f5 Bb3 61.Kh5 Kg7 62.Rc8 Rdg3  0-1

[Event "Mitropa Cup Women 2013"]
[Site "Meissen GER"]
[Date "2013.06.06"]
[Round "6.5"]
[White "Mareckova,M"]
[Black "Kochetkova,J"]
[Result "1/2-1/2"]
[WhiteElo "2065"]
[BlackElo "2348"]

1.e4 d6 2.d4 Nf6 3.Nc3 e5 4.Nf3 Nbd7 5.h3 Be7 6.Bc4 O-O 7.O-O c6 8.a4 a5
9.Qe2 exd4 10.Nxd4 Nc5 11.Bf4 Qb6 12.Nb3 Nfd7 13.Rad1 Ne5 14.Nxc5 Nxc4 15.Qxc4 dxc5
16.Bc1 Be6 17.Qe2 Qb4 18.Rfe1 Rfe8 19.Qf3 Kh8 20.e5 Rad8 21.Rxd8 Rxd8 22.Rd1 Rxd1+
23.Qxd1 h6 24.Qf3 Qd4 25.Qe4 Qd7 26.Qe2 c4 27.Be3 b5 28.Bb6 b4 29.Ne4 Qd5
30.Nd6 Bg5 31.Qf3 Qxe5 32.Nxf7+ Bxf7 33.Qxf7 Bf6 34.Qxc4 Qxb2 35.Qxc6 Bc3
36.Qc8+ Kh7 37.Qf5+ Kh8 38.Qf8+ Kh7 39.Qf5+ Kh8 40.Bxa5 Qa1+ 41.Kh2 Qxa4
42.Bc7 Qa7 43.Bd6 Qd4 44.Qf4 Qb6 45.Qf8+ Kh7 46.Qf5+ Kh8 47.Qc8+ Kh7 48.Qc5 Qb7
49.g4 Kh8 50.Qc4 Qb6 51.Qc8+ Kh7 52.Qf5+ Kh8 53.Qf8+ Kh7 54.h4 Bf6 55.Bg3 b3
56.cxb3 Qxb3 57.g5 hxg5 58.hxg5 Bxg5 59.Qf5+ Kh6 60.f4 Bf6 61.Qh3+  1/2-1/2

[Event "2nd Server24 Open"]
[Site "Ortisei ITA"]
[Date "2013.06.06"]
[Round "6.15"]
[White "Spornberger,Andre"]
[Black "Popilski,G"]
[Result "0-1"]
[WhiteElo "2073"]
[BlackElo "2515"]

1.e4 d6 2.d4 Nf6 3.Nc3 e5 4.Nf3 Nbd7 5.Bc4 Be7 6.O-O Nb6 7.Bb3 exd4 8.Qxd4 O-O
9.h3 Nfd7 10.Bf4 Nc5 11.Rfe1 a5 12.Nd5 Nxd5 13.Bxd5 Ne6 14.Bxe6 fxe6 15.Qe3 e5
16.Bg3 Be6 17.Rad1 Qe8 18.b3 Qh5 19.Nd2 Rf7 20.Qc3 Bg5 21.Nf1 a4 22.Ne3 Raf8
23.Nd5 Bf4 24.Rf1 axb3 25.axb3 c6 26.Nb6 Bxg3 27.fxg3 Qe2 28.Rfe1 Qf2+ 29.Kh2 Rf3  0-1

[Event "Grand Europe Open Albena"]
[Site "Albena BUL"]
[Date "2013.06.07"]
[Round "7.12"]
[White "Nabaty,T"]
[Black "Zarkua,D"]
[Result "1-0"]
[WhiteElo "2579"]
[BlackElo "2441"]

1.e4 d6 2.d4 Nf6 3.Nc3 c6 4.Bg5 h6 5.Bxf6 exf6 6.Bd3 Qb6 7.Nge2 Qxb2 8.Rb1 Qa3
9.O-O Be7 10.f4 f5 11.Rb3 Qa5 12.Ng3 fxe4 13.Ncxe4 d5 14.Qh5 Qc7 15.Ng5 Rf8
16.Nh7 Rh8 17.Re1 Qxf4 18.Bf5 Qxd4+ 19.Kh1 Nd7 20.Rbe3 g6 21.Rxe7+ Kd8 22.Qxh6 gxf5
23.Qd6 Qh4 24.Nxf5 Qf2 25.Re8+  1-0

[Event "Grand Europe Open Albena"]
[Site "Albena BUL"]
[Date "2013.06.07"]
[Round "7.29"]
[White "Voiteanu,G"]
[Black "Kukov,V"]
[Result "1/2-1/2"]
[WhiteElo "2248"]
[BlackElo "2396"]

1.d4 d6 2.e4 Nf6 3.Nc3 e5 4.dxe5 dxe5 5.Qxd8+ Kxd8 6.Bc4 Ke8 7.Nf3 Bd6 8.b3 c6
9.Bb2 Nbd7 10.Rd1 Bc5 11.O-O b5 12.Bd3 Kd8 13.a4 a6 14.axb5 axb5 15.Bxb5 cxb5
16.Nxe5 Ke7 17.Nc6+ Kf8 18.e5 b4 19.exf6 bxc3 20.fxg7+ Kxg7 21.Bxc3+ f6 22.b4 Bb6
23.Rfe1 Rf8 24.Ne7 Ne5 25.Nd5 Bd8 26.Nxf6 Nf3+ 27.gxf3 Bxf6 28.Re7+ Rf7 29.Bxf6+ Kxf6  1/2-1/2

[Event "Grand Europe Open Albena"]
[Site "Albena BUL"]
[Date "2013.06.07"]
[Round "7.13"]
[White "Solodovnichenko,Y"]
[Black "Sanduleac,V"]
[Result "1/2-1/2"]
[WhiteElo "2565"]
[BlackElo "2414"]

1.e4 d6 2.d4 Nf6 3.Nc3 e5 4.Nf3 Nbd7 5.Bc4 Be7 6.O-O O-O 7.a4 c6 8.Re1 h6
9.h3 Re8 10.Be3 Bf8 11.Qd3 d5 12.Ba2 Nxe4 13.Nxe4 dxe4 14.Qxe4 Nf6 15.Qh4 e4
16.Ne5 Be6 17.Bxe6 Rxe6 18.f3 exf3 19.Nxf3 Nd5 20.Qxd8 Rxd8 21.Bd2 Rxe1+
22.Rxe1 Bd6 23.c4 Nc7 24.Kf2 Ne6 25.Ba5 Rd7 26.Bc3 a6 27.a5 Bb8 28.Re4 Ba7
29.Ke2 Rd6 30.b3 Rd8 31.Kd2 Nc5 32.Re7 Kf8 33.Re1 Ne6 34.Re4 Ke7 35.Kc2 f6
36.Nh4 Kf7 37.Nf5 Rd7 38.g4 Ng5 39.Re3 g6 40.Nxh6+ Kg7 41.h4 Kxh6 42.hxg5+ Kxg5
43.Re4 f5 44.gxf5 gxf5 45.Re8 Bxd4 46.Bxd4 Rxd4 47.Re7 f4 48.Kc3 Rd6 49.Rxb7 f3
50.Rf7 Rf6 51.Rxf6 Kxf6 52.Kd2 c5 53.Ke3 Ke5 54.Kxf3 Kd4 55.Kf4 Kc3 56.Ke5 Kxb3
57.Kd5 Kb4 58.Kc6 Kxc4 59.Kb6 Kd5 60.Kxa6  1/2-1/2

[Event "Grand Europe Open Albena"]
[Site "Albena BUL"]
[Date "2013.06.07"]
[Round "7.2"]
[White "Vajda,Le"]
[Black "Nevednichy,V"]
[Result "1/2-1/2"]
[WhiteElo "2617"]
[BlackElo "2580"]

1.d4 d6 2.e4 Nf6 3.Nc3 e5 4.Nf3 Nbd7 5.g3 c6 6.Bg2 b5 7.a3 Be7 8.O-O O-O
9.h3 a5 10.Re1 Bb7 11.Nh4 g6 12.Bh6 Re8 13.Nf3 b4 14.Nb1 c5 15.dxe5 dxe5  1/2-1/2

[Event "French Top 12 2013"]
[Site "Haguenau FRA"]
[Date "2013.06.07"]
[Round "9.2"]
[White "Bedouin,X"]
[Black "Vachier Lagrave,M"]
[Result "0-1"]
[WhiteElo "2387"]
[BlackElo "2718"]

1.e4 d6 2.d4 Nf6 3.Nc3 e5 4.Nf3 Nbd7 5.Bc4 Be7 6.O-O Nb6 7.Be2 exd4 8.Qxd4 O-O
9.Bf4 Be6 10.Rad1 Nfd7 11.Rfe1 Re8 12.h3 Bf6 13.Qd2 Bc4 14.b3 Bxe2 15.Rxe2 Ne5
16.Nxe5 Bxe5 17.Bxe5 Rxe5 18.Nd5 Qd7 19.c4 Rae8 20.Nc3 Qc6 21.Qd4 a6 22.f4 R5e7
23.Nd5 Nxd5 24.cxd5 Qb5 25.Re3 f6 26.Kh2 Kh8 27.Rde1 h6 28.e5 fxe5 29.fxe5 dxe5
30.Rxe5 Qd7 31.Rxe7 Rxe7 32.Rxe7 Qxe7 33.Kg3 Kg8 34.Kf3 Qd6 35.Qe4 Kf7 36.g4 b6
37.b4 a5 38.bxa5 bxa5 39.a4 Qa3+ 40.Kf4 Qc1+ 41.Qe3 g5+ 42.Ke4 Qc2+ 43.Qd3 Qxa4+
44.Kf3 Qf4+ 45.Kg2 Ke7 46.Qb5 Qd2+ 47.Kg1 Qd4+ 48.Kg2 Qb6 49.d6+ Kxd6 50.Qd3+ Ke7
51.Qh7+ Kd8 52.Qg8+ Kd7 53.Qd5+ Qd6 54.Qxa5 c5 55.Kf2 Qd4+ 56.Kg2 Qb2+ 57.Kf3 Qb7+
58.Kf2 Kc6 59.Qa2 Kd6 60.Ke3 Qe7+ 61.Kd3 Qe6 62.Qh2+ Qe5 63.Qf2 Kc6 64.Kc2 Qe4+
65.Kc3 Qb4+ 66.Kd3 Qb3+  0-1

[Event "35th Nezhmetdinov Cup"]
[Site "Kazan RUS"]
[Date "2013.06.07"]
[Round "8.8"]
[White "Rozum,I"]
[Black "Dzhumaev,M"]
[Result "1-0"]
[WhiteElo "2482"]
[BlackElo "2549"]

1.d4 d6 2.e4 Nf6 3.Nc3 e5 4.Nge2 Nc6 5.h3 Be7 6.Be3 O-O 7.d5 Nb4 8.a3 Na6
9.g4 c6 10.Ng3 cxd5 11.exd5 Bd7 12.Bg2 Rc8 13.O-O Nc5 14.Qd2 a5 15.Kh1 b5
16.f4 exf4 17.Bxf4 Ne8 18.Rae1 Bf6 19.Nh5 Bh4 20.Re3 g6 21.Bh6 gxh5 22.g5 Ng7
23.Qd4 f6 24.Qxh4 Nf5 25.Rxf5 Bxf5 26.Bxf8 Qxf8 27.gxf6 Nd7 28.Be4 Bg6 29.Bxg6 hxg6
30.Ne4 Rxc2 31.Qf4 Rxb2 32.Rc3 b4 33.axb4 axb4 34.Rc7 Qa8 35.f7+ Kh8 36.Qh6+  1-0

[Event "FIDE World Rapid 2013"]
[Site "Khanty-Mansiysk RUS"]
[Date "2013.06.07"]
[Round "8.20"]
[White "Rublevsky,S"]
[Black "Pridorozhni,A"]
[Result "1/2-1/2"]
[WhiteElo "2695"]
[BlackElo "2512"]

1.e4 d6 2.d4 Nf6 3.Nc3 e5 4.Nf3 Nbd7 5.Bc4 Be7 6.O-O O-O 7.Re1 a6 8.a4 b6
9.h3 c6 10.Ba2 Rb8 11.Be3 b5 12.axb5 axb5 13.b4 Qc7 14.Bb3 Nb6 15.Qe2 Bd7
16.dxe5 dxe5 17.Bc5 Bxc5 18.bxc5 Nc4 19.Bxc4 bxc4 20.Na4 Nh5 21.Nb6 Nf4 22.Qxc4 Be6
23.Qc3 f6 24.Kh2 Rfd8 25.Rad1 Rxd1 26.Rxd1 Rd8 27.Rxd8+ Qxd8 28.Nd2 h5 29.Nbc4 Bxc4
30.Nxc4 Qd1 31.Ne3 Qg1+ 32.Kxg1 Ne2+ 33.Kf1 Nxc3 34.f3 Kf7 35.Nc4 Ke6 36.Na5 Kd7
37.h4 Nb5 38.Nb3 Na3 39.Na1 Nb5 40.Ke2 Nd4+ 41.Ke3 g5 42.hxg5 fxg5 43.c3 Ne6
44.Nb3 Nf4 45.Kf2 Nd3+ 46.Ke3 Nf4 47.g3 Ne6 48.Kf2 Nc7 49.Nc1 Nb5 50.Ne2 Ke6
51.Ke3 Kf6 52.c4 Nc7 53.Nc1 Ne6 54.Nd3 Nd8 55.Nb4 Ke6 56.Kf2 Kf6 57.Kg2 Ke6
58.Kf2 Kf6 59.Ke3 Ke6 60.Nd3 Kf6 61.Ke2 Ne6 62.Kf2 Nd8 63.Nb4 Ne6 64.Na6 Nd8
65.Ke3 Ke6 66.Nb8  1/2-1/2

[Event "FIDE World Rapid 2013"]
[Site "Khanty-Mansiysk RUS"]
[Date "2013.06.07"]
[Round "10.24"]
[White "Bezgodov,A"]
[Black "Pridorozhni,A"]
[Result "0-1"]
[WhiteElo "2482"]
[BlackElo "2512"]

1.e4 d6 2.d4 Nf6 3.Nc3 e5 4.dxe5 dxe5 5.Qxd8+ Kxd8 6.Bc4 Be6 7.Bxe6 fxe6
8.f3 Nbd7 9.Nh3 Bd6 10.Nf2 Ke7 11.Nd3 a6 12.b3 Nb8 13.Bb2 Nc6 14.O-O-O Rhg8
15.Nb1 Nd7 16.Nd2 b5 17.c4 Nc5 18.Nf2 Nb4 19.Kb1 Nbd3 20.Nxd3 Nxd3 21.Rhf1 Bc5
22.Bc3 Nf2 23.Rde1 Nd3 24.Rd1 Rgd8 25.Kc2 Nb4+ 26.Bxb4 Bxb4 27.f4 Bxd2 28.Rxd2 bxc4
29.bxc4 Rxd2+ 30.Kxd2 Rd8+ 31.Ke3 Rd4 32.Rc1 Kf6 33.g3 c5 34.a4 a5 35.h4 g6
36.g4 exf4+ 37.Kxf4 e5+ 38.Ke3 h6 39.Rc2 Ke7 40.Rc1 Kd7 41.Rc2 Kc7 42.Rc1 Kd8
43.Rc2 Kc8 44.Rc1 Kc7 45.Rc2 Rd1 46.Rd2 Re1+ 47.Kf3 Rc1 48.Rd5 Rc3+ 49.Ke2 Rxc4
50.Rxe5 Kd6 51.Rd5+ Kc6 52.Re5 Rxa4 53.Re6+ Kb5 54.Rxg6 Rxe4+ 55.Kd3 Rd4+
56.Kc3 a4 57.Rg8 Rc4+ 58.Kd3 Rf4 59.h5 Rf3+ 60.Ke4 Rg3 61.Kf4 Rd3 62.Rb8+ Kc4
63.Rb6 a3 64.Rxh6 Rd4+ 65.Kg5 Kb3 66.Rf6 a2 67.Rf1 Ra4 68.Rh1  0-1

[Event "Mitropa Cup Women 2013"]
[Site "Meissen GER"]
[Date "2013.06.07"]
[Round "7.4"]
[White "Hapala,L"]
[Black "Srebrnic,A"]
[Result "1/2-1/2"]
[WhiteElo "2038"]
[BlackElo "2203"]

1.e4 d6 2.d4 Nf6 3.Nc3 e5 4.dxe5 dxe5 5.Qxd8+ Kxd8 6.Bg5 Be6 7.O-O-O+ Nd7
8.f4 exf4 9.Nf3 Kc8 10.Bxf4 c6 11.e5 Nd5 12.Nxd5 Bxd5 13.c4 Be6 14.Ng5 Bc5
15.Be2 Kc7 16.Nxe6+ fxe6 17.Bg4 Rae8 18.Rhf1 Rhf8 19.Bg3 Rxf1 20.Rxf1 Rf8
21.Rd1 Re8 22.Kc2 Nf8 23.Rf1 Rd8 24.a3 a5 25.Rf7+ Rd7 26.Rxd7+ Kxd7 27.Kd3 Ng6
28.Ke4 Ne7 29.Be1 b6 30.b4 axb4 31.axb4 Bg1 32.h4 Ng8 33.Bd2 Nh6 34.Bh3 Bf2
35.h5 Nf7 36.g4 h6 37.Bg2 Ng5+ 38.Kd3 Nf7 39.Bf4 Ng5 40.Be3 Bxe3 41.Kxe3 c5
42.b5 Ke7 43.Kf4 Nf7 44.Be4 Ng5 45.Bg2 Nf7 46.Ke4  1/2-1/2

[Event "Mitropa Cup Women 2013"]
[Site "Meissen GER"]
[Date "2013.06.07"]
[Round "7.3"]
[White "Klek,H"]
[Black "Wozniak,Mari"]
[Result "0-1"]
[WhiteElo "2287"]
[BlackElo "1983"]

1.e4 d6 2.d4 Nf6 3.Nc3 Nbd7 4.Nf3 e5 5.Bc4 Be7 6.O-O O-O 7.Re1 c6 8.a4 Qc7
9.Ba2 h6 10.h3 a5 11.Nh4 Re8 12.Nf5 Bf8 13.Qd3 exd4 14.Qxd4 d5 15.Bd2 Bc5
16.Qd3 dxe4 17.Qc4 Bxf2+ 18.Kxf2 Ne5 19.Nxh6+ gxh6 20.Qc5 b6 21.Qa3 e3+ 22.Rxe3 Neg4+
23.hxg4 Nxg4+ 24.Kf3 Nxe3 25.Bxe3 Bg4+ 26.Kf2 Rxe3 27.Kg1 Qg3 28.Qb3 Be6
29.Qxb6 Bxa2 30.Nxa2 Re1+ 31.Rxe1 Qxe1+ 32.Kh2 Qh4+ 33.Kg1 Re8  0-1

[Event "French Top 12 2013"]
[Site "Haguenau FRA"]
[Date "2013.06.08"]
[Round "10.8"]
[White "Benmesbah,N"]
[Black "Iglesias,Joa"]
[Result "1-0"]
[WhiteElo "2237"]
[BlackElo "2258"]

1.e4 d6 2.d4 Nf6 3.Nc3 Nbd7 4.f4 e5 5.Nf3 exd4 6.Qxd4 c6 7.Be3 d5 8.exd5 Bc5
9.Qd3 Qe7 10.Nd4 Ng4 11.Nf5 Nde5 12.fxe5 Qxe5 13.Qe4 Qxe4 14.Nxe4 Bb4+ 15.Bd2 Bxf5
16.Bxb4 Bxe4 17.O-O-O O-O-O 18.Re1 Bxd5 19.Bd3 Be6 20.Re2 g6 21.Bd2 h5 22.h3 Nh6
23.Bxg6 Bc4 24.Bd3 Bxd3 25.cxd3 Rxd3 26.Rf1 Rd5 27.Rf6 Nf5 28.Rxf7 Rhd8 29.Bf4 Rc5+
30.Rc2 Rxc2+ 31.Kxc2 Nd4+ 32.Kd3 Ne6+ 33.Ke3 Re8 34.Kf2 Rf8 35.Rxf8+ Nxf8
36.Be3 b6 37.Kf3 Kd7 38.Kf4 Ne6+ 39.Kf5 c5 40.g3 b5 41.Kg6 a5 42.Kxh5 c4
43.Kg6 b4 44.h4 Kc6 45.Kf7 Kd5 46.h5 a4 47.h6 c3 48.bxc3 b3 49.axb3 axb3
50.Bc1 Ng5+ 51.Kg6 Ne6 52.h7 Nf8+ 53.Kg7 Nxh7 54.Kxh7 Ke4 55.g4 Kd3 56.g5 Kc2
57.Ba3 Kb1 58.g6 Ka2 59.g7  1-0

[Event "35th Nezhmetdinov Cup"]
[Site "Kazan RUS"]
[Date "2013.06.08"]
[Round "9.7"]
[White "Vorobiov,E"]
[Black "Voitsekhovsky,S"]
[Result "1-0"]
[WhiteElo "2583"]
[BlackElo "2523"]

1.e4 d6 2.d4 Nf6 3.Nc3 c6 4.f4 Qa5 5.Bd3 e5 6.Nf3 exd4 7.Nxd4 g6 8.Nf3 Bg7
9.O-O Bg4 10.Qe1 Bxf3 11.Rxf3 Nbd7 12.Bd2 Qc7 13.Kh1 O-O 14.Qh4 Rae8 15.Raf1 b5
16.f5 Ne5 17.Rh3 h5 18.Bg5 Nh7 19.f6 Bh8 20.Be2 Nxg5 21.Qxg5 Nd7 22.Bxh5 Nxf6
23.Bg4 Re5 24.Rxh8+ Kxh8 25.Qxf6+ Kg8 26.b4 a5 27.a3 axb4 28.axb4 Qe7 29.Qxe7 Rxe7
30.Kg1 Ra8 31.Rd1 Ra3 32.Rd3 Re5 33.Be2 Ra1+ 34.Kf2 Rc1 35.Bd1 c5 36.bxc5 dxc5
37.Nxb5 Rxe4 38.Nc3 Re5 39.Re3 Rf5+ 40.Ke2 Ra1 41.Kd2 Rf2+ 42.Re2 Rf1 43.Re8+ Kg7
44.Bf3 Ra7 45.Ne4 f5 46.Nxc5 g5 47.h3 Ra5 48.Re7+ Kf6 49.Re6+ Kf7 50.Rc6 g4
51.Bd5+ Kg7 52.hxg4 fxg4 53.c4 Ra3 54.Nd3 Rfa1 55.Be4  1-0

[Event "FIDE World Rapid 2013"]
[Site "Khanty-Mansiysk RUS"]
[Date "2013.06.08"]
[Round "12.8"]
[White "Potkin,V"]
[Black "Bologan,V"]
[Result "1-0"]
[WhiteElo "2647"]
[BlackElo "2672"]

1.d4 d6 2.e4 Nf6 3.Nc3 e5 4.Nf3 Nbd7 5.Bc4 Be7 6.O-O O-O 7.Re1 c6 8.a4 b6
9.d5 Bb7 10.dxc6 Bxc6 11.Bg5 a6 12.Bxf6 Nxf6 13.Qd3 Qc8 14.Nd2 Qb7 15.b4 Qc8
16.Nf1 a5 17.b5 Bd7 18.Ne3 Qc5 19.Ncd5 Nxd5 20.Nxd5 Bd8 21.Bb3 Kh8 22.Qe3 Rc8
23.Rad1 Be6 24.Rd3 Bxd5 25.Rxd5 Qxe3 26.Rxe3 Be7 27.g3 g6 28.Kg2 Kg7 29.f4 f6
30.Red3 Rfd8 31.Kf3 Rc5 32.h4 Rxd5 33.Bxd5 Rc8 34.c4 Rf8 35.f5 g5 36.hxg5 fxg5
37.Kg4 h5+ 38.Kxh5 Rh8+ 39.Kg4 Kf6 40.Be6 Rh1 41.c5 dxc5 42.Rd7 Re1 43.Bd5 c4
44.Rc7 c3 45.Rc6+ Kg7 46.Rxc3 Bc5 47.Kxg5 Be3+ 48.Kg4 Bc5 49.Rc2 Rh1 50.Kg5 Be3+
51.Kg4 Bc5 52.Rxc5 bxc5 53.Kg5 Rc1 54.f6+ Kf8 55.b6 Rb1 56.b7 c4 57.Bxc4 Rxb7
58.Kf5 Rb4 59.Bb5 Rb3 60.g4 Rf3+ 61.Kxe5 Kf7 62.Bc4+ Kg6 63.f7 Kg7 64.g5 Ra3
65.Kd6 Kf8 66.g6 Rg3 67.e5 Rxg6+ 68.e6 Rf6 69.Kd7  1-0

[Event "FIDE World Rapid 2013"]
[Site "Khanty-Mansiysk RUS"]
[Date "2013.06.08"]
[Round "14.23"]
[White "Smirin,I"]
[Black "Pridorozhni,A"]
[Result "1/2-1/2"]
[WhiteElo "2663"]
[BlackElo "2512"]

1.e4 d6 2.d4 Nf6 3.Nc3 e5 4.Nf3 Nbd7 5.Bc4 Be7 6.O-O O-O 7.Re1 a6 8.a4 b6
9.Nd5 Nxd5 10.Bxd5 Rb8 11.Bc6 Bf6 12.c3 Qe7 13.a5 Rd8 14.axb6 Rxb6 15.Ba4 c5
16.d5 Rb8 17.Nd2 Nb6 18.Bc2 Bg5 19.Nb3 Bxc1 20.Qxc1 Nc4 21.Ra4 Nb6 22.Ra2 Nc4
23.Qd1 Qb7 24.Qe2 Qb5 25.Rb1 Rf8 26.g3 f5 27.Bd3 Qxb3 28.Bxc4 Qb6 29.Bxa6 fxe4
30.Bxc8 Rbxc8 31.Qxe4 Rf6 32.b3 Rcf8 33.c4 g6 34.Kg2 Kg7 35.h4 h5 36.Qe3 Qb8
37.Rbb2 R8f7 38.Rc2 Qf8 39.Rc3 Rf5 40.Rd2  1/2-1/2